000 00369nam a22001577a 4500
003 MACL
005 20170106124835.0
008 170106b xxu||||| |||| 00| 0 eng d
040 _cMACL
082 _a300
100 _aNCERT
_94590
245 _aSocial and Political Life - ll class vll
260 _bNCERT
650 _asocial science
_966399
942 _2ddc
_cBK
_k300
999 _c55709
_d55709